00421nam a2200157Ia 45000010006000000050017000060080041000230410008000640820033000721100040001052450059001452600009002043000034002136500008002476540008002551265720260306162957.0260306t2022||||xx |||||||||||||| ||spa|| aESP aHR 620bV. 13 N° 3 2022 IST aAssociation for Computing Machinery 0aACM transactions on intelligent systems and technology c2022 avarias paginaciones :c25 cm. aGEN aCET